[Event "FIDE GP"]
[Site "Dubai"]
[Date "2002.04.07"]
[Round "4.3"]
[White "Shirov, Alexei"]
[Black "Grischuk, Alexander"]
[Result "1/2-1/2"]
[WhiteElo "2715"]
[BlackElo "2671"]
[Annotator "Lukacs,P"]
[PlyCount "106"]
[EventDate "2002.04.03"]
[EventType "k.o. (rapid)"]
[EventRounds "5"]
[EventCountry "UAE"]
[SourceTitle "CBM 089"]
[Source "ChessBase"]
[SourceDate "2002.08.12"]
[SourceVersion "1"]
[SourceVersionDate "2002.08.12"]
[SourceQuality "1"]

1. e4 c6 2. d4 d5 3. Nc3 dxe4 4. Nxe4 Bf5 5. Ng3 Bg6 6. Nf3 Nd7 7. h4 h6 8. h5
Bh7 9. Bd3 Bxd3 10. Qxd3 e6 11. Bf4 Ngf6 12. O-O-O Nd5 {Nowadays this move is
more fashionable than before. It is an opened question who wins or loses a
tempo here.} 13. Bd2 Nb4 14. Qb3 (14. Bxb4 {- Ye Jiangchuan-Dreev, FIDE GP
Dubai rapid 2002 CBM 88}) 14... a5 (14... Qb6 15. c4 O-O-O (15... Be7 16. c5 $5
{White wins a piece, although Black gets a lot of pawns for it.} (16. Kb1 {
is the safe option.} Na6 (16... c5 17. d5) 17. Qa4 $14) 16... Bxc5 17. dxc5
Nxc5 18. Qa3 Nbd3+ (18... Ncd3+ 19. Kb1 $18) 19. Kb1 Nxf2 20. Be3 Nxd1 21. Bxc5
Qxb2+ 22. Qxb2 Nxb2 23. Kxb2 $14 {with three (!) pieces versus a R and four
pawns.}) (15... a5 16. a3 Nd5 17. Qc2 {White certainly wants to avoid the
exchange of queens.} N5f6 18. Bf4 Be7 19. Rhe1 O-O 20. Ne5 Rad8 21. c5 $14 {
Kovalevskaya-Zangiev, St Petersburg 2001}) 16. Ne4 $14 (16. c5 $2 {is already
strongly met by the prevoius sacrifice:} Bxc5 $1 17. dxc5 Nxc5 18. Qa3 Ncd3+
19. Kb1 Nxf2 20. Bxb4 Rxd1+ 21. Rxd1 Nxd1 22. Bc5 Qb5 23. Nd4 Qc4 24. Qxa7 Qd3+
25. Kc1 Ne3 $17)) 15. Ne4 (15. a3 a4 16. Qc4 $5 {deserves also attention.} (16.
Qe3 Nd5 17. Qe2 {Finally the Q has reached safety.} b5 18. Nf5 Qb8 19. c3 {
The << is more or less closed and White has good prospects on the other flank.}
Qc7 20. g3 Bd6 21. Rh4 N7f6 22. Nxd6+ Qxd6 23. Ne5 Ne7 24. g4 $14 {
Karjakin-Turov, Moscow 2002})) (15. Rhe1 {is usually only a waste of time here.
} Be7 16. Ne4 a4 17. Qxb4 {This Q sacrifice is nice, but not so effective, as
we will see it later.} Bxb4 18. Bxb4 Qb8 19. Bd6 Qa7 20. Ba3 Qa6 21. Rd3 b6 22.
Rc3 c5 23. Nd6+ Kd8 24. dxc5 bxc5 $19 {Zufic-Saric, Kastav 2002}) (15. Kb1 a4
16. Qe3 Nd5 (16... Nb6 17. Qe1 N4d5 18. Ne5 Nd7 19. c4 N5f6 20. f4 Qc7 21. Bc3
{Now White has got an almost ideal position.} Be7 22. f5 $16 {
Marjanovic-Logothetis, Ano Liosia 2000}) 17. Qd3 $1 b5 (17... Qc7 18. c4) 18.
Ne5 $1 Nxe5 19. dxe5 Qc7 20. f4 {This P structure gives White the space
advantage in the [+] and the >>, but sometimes even the << can be a target
after a well-prepared c2-c4.} O-O-O 21. Qe2 Kb7 22. Ne4 {(Leko-Dreev, Wijk aan
Zee 2002} (22. c4 bxc4 23. Qxc4 Ra8 24. Ne4 Be7 $14) 22... Be7 23. c4 bxc4 24.
Qxc4 Ra8 $14 {Leko}) 15... a4 $1 {[#]} 16. Qxb4 $6 {White wants more he can
get from this position. The Q sacrifice is beautiful but unlucky as Mary
Stuart.} (16. Qa3 {is the modest pragmatizm.} Nd5 (16... Qb6 17. Kb1 Nd5 18.
Qd3) 17. Nd6+ Bxd6 18. Qxd6 Qc7 19. Qxc7 Nxc7 20. Ne5 f6 21. Nd3 Kf7 22. g4 Nb5
23. c3 Rhc8 24. Rhe1 Re8 25. Kc2 $11 {Kir.Georgiev-Dreev, Dubai rapid 2002})
16... Bxb4 17. Bxb4 Qb6 (17... Qb8 {looks also strong.} 18. Nd6+ Kf8 $19) 18.
a3 Qa6 19. Rh3 (19. Nd6+ Kf8 20. Nb5+ Kg8 21. Nc7 Qa7 22. Nxa8 Qxa8 $17 {
and White still has no adequate compensation for the Q.}) 19... b6 20. Rg3 (20.
Nd6+ $2 Kf8 21. Nb5+ c5 $19) 20... Rh7 $1 {This is the precise defence.} (20...
c5 21. dxc5 bxc5 22. Rxd7 cxb4 23. Rxg7 Kxd7 (23... Qf1+ 24. Rd1 $11) 24. Nc5+
Ke7 25. Nxa6 Rxa6 26. axb4 $11) 21. Ne5 (21. Nd6+ Kf8 $1) 21... Nxe5 $17 22.
dxe5 c5 23. Bc3 Rd8 $4 {[%mdl 8192] overlooking the following tactics.} (23...
Kf8 $1 $19 {was simple and good.}) 24. Nf6+ $1 Ke7 25. Nxh7 Rxd1+ 26. Kxd1 {
Now White has already good chances for the draw, but not more than that.} Qa8 (
26... Qf1+ 27. Be1 $18) 27. Nf6 $1 (27. Rxg7 Qh8 28. Rg4 Qxh7 29. Rxa4 Qf5 $11)
27... gxf6 (27... Kf8 $2 28. Ng4 $16) 28. exf6+ Kf8 (28... Kd6 29. Rd3+ Kc6 30.
f3 Qg8 31. g4 Qg5 32. Ke2 $11 {and White can build up an untouchable fortress.}
) 29. Be5 (29. Rd3 Ke8 30. f3 {was also playable.}) 29... Qc6 30. Rd3 Kg8 31.
f3 Qc8 32. c4 Kh7 33. g4 Qb7 34. Kc2 $11 b5 $5 35. b3 (35. cxb5 c4) 35... Qa6
36. Rd7 axb3+ 37. Kb2 Kg8 (37... b4 38. Rxf7+ Kg8 39. Rg7+ Kh8 $1 (39... Kf8 $4
40. a4 $3) 40. Kxb3 Qxa3+ 41. Kc2 Qe3 42. f7 $11) 38. Rd8+ Kh7 39. Rd7 (39. Rf8
b4 $1) 39... b4 $1 {Black is fighting until the last patron.} 40. Rxf7+ Kg8 41.
Rg7+ Kh8 42. Kxb3 Qxa3+ $11 43. Kc2 Qa2+ 44. Kd3 Qb1+ 45. Kd2 Qa2+ 46. Ke3 Qa3+
47. Kf2 Qa2+ 48. Ke3 Qa3+ 49. Ke4 Qa2 50. f7 Qe2+ 51. Kf4 Qh2+ 52. Ke4 Qe2+ 53.
Kf4 Qh2+ 1/2-1/2

[Event "FIDE GP"]
[Site "Dubai"]
[Date "2002.04.07"]
[Round "4.4"]
[White "Grischuk, Alexander"]
[Black "Shirov, Alexei"]
[Result "1-0"]
[WhiteElo "2671"]
[BlackElo "2715"]
[PlyCount "49"]
[EventDate "2002.04.03"]
[EventType "k.o. (rapid)"]
[EventRounds "5"]
[EventCountry "UAE"]
[SourceTitle "CBM 089"]
[Source "ChessBase"]
[SourceDate "2002.08.12"]
[SourceVersion "1"]
[SourceVersionDate "2002.08.12"]
[SourceQuality "1"]

1. e4 c5 2. Nf3 d6 3. d4 cxd4 4. Nxd4 Nf6 5. Nc3 e6 6. g4 h6 7. Be3 Nc6 8. h3
Bd7 9. f4 Rc8 10. Qd2 Nxd4 11. Bxd4 e5 12. fxe5 dxe5 13. Bxe5 Bb4 14. O-O-O O-O
15. Qe3 Re8 16. Bxf6 Qxf6 17. Nd5 Qd6 18. Nxb4 Qxb4 19. Rxd7 Rxe4 20. Qf3 Rf4
21. Qd1 Qa5 22. Kb1 Ra4 23. a3 Qb6 24. Qf3 Qe6 25. Rd1 1-0

[Event "FIDE GP"]
[Site "Dubai"]
[Date "2002.04.08"]
[Round "5.3"]
[White "Grischuk, Alexander"]
[Black "Leko, Peter"]
[Result "1/2-1/2"]
[WhiteElo "2671"]
[BlackElo "2713"]
[PlyCount "57"]
[EventDate "2002.04.03"]
[EventType "k.o. (rapid)"]
[EventRounds "5"]
[EventCountry "UAE"]
[SourceTitle "CBM 089"]
[Source "ChessBase"]
[SourceDate "2002.08.12"]
[SourceVersion "1"]
[SourceVersionDate "2002.08.12"]
[SourceQuality "1"]

1. e4 c5 2. Nf3 Nc6 3. Bb5 g6 4. O-O Bg7 5. Re1 Nf6 6. c3 O-O 7. d4 d5 8. e5
Ne4 9. Bxc6 bxc6 10. Nbd2 cxd4 11. cxd4 c5 12. dxc5 Nxc5 13. Nb3 Nxb3 14. Qxb3
d4 15. Qd3 Bb7 16. Qxd4 Qxd4 17. Nxd4 Rfd8 18. Nf3 Rd3 19. Bg5 e6 20. Rad1 Rxd1
21. Rxd1 Bxf3 22. gxf3 Bxe5 23. b4 Rb8 24. Be7 Rb7 25. Bc5 Bc3 26. a3 a5 27.
Rd3 axb4 28. axb4 Bxb4 29. Rb3 1/2-1/2

[Event "Eurotel Trophy"]
[Site "Prague"]
[Date "2002.04.30"]
[Round "2.1"]
[White "Grischuk, Alexander"]
[Black "Morozevich, Alexander"]
[Result "0-1"]
[WhiteElo "2702"]
[BlackElo "2718"]
[Annotator "Huzman,A"]
[PlyCount "96"]
[EventDate "2002.04.28"]
[EventType "k.o. (rapid)"]
[EventRounds "5"]
[EventCountry "CZE"]
[SourceTitle "CBM 089"]
[Source "ChessBase"]
[SourceDate "2002.08.12"]
[SourceVersion "1"]
[SourceVersionDate "2002.08.12"]
[SourceQuality "1"]

1. e4 e5 2. Nf3 Nf6 3. Nxe5 d6 4. Nf3 Nxe4 5. d4 d5 6. Bd3 Bd6 7. O-O O-O 8. c4
c6 9. Qc2 Na6 10. a3 f5 11. Nc3 Nc7 12. Ne2 Ne6 13. b4 Bd7 $146 (13... Kh8 14.
Bb2 Qe8 15. Rae1 Qh5 16. Ne5 f4 17. f3 N4g5 18. cxd5 cxd5 19. Bc1 Bxe5 20. dxe5
Bd7 21. Bb2 a6 22. Qd2 Rad8 23. Rc1 Be8 24. Bd4 Bg6 $132 {1/2-1/2 Timman,
J-Salov,V/Saint John 1988/Candidates (46)}) 14. Bb2 a5 15. Rad1 $6 (15. c5 $5
Bc7 16. Ne5 {[%cal Gf2f3]}) 15... axb4 16. axb4 Bxb4 17. Qb3 Qe7 (17... c5 $1 {
[%cal Yd7a4]} 18. Ra1 (18. dxc5 Bxc5 19. cxd5 Ba4 $19) (18. cxd5 Ba4 19. Qc4 b5
$19) 18... Rxa1 19. Rxa1 Bc6 20. Ne5 Qd6 $17) 18. Ne5 dxc4 $6 (18... Nd2 19.
Rxd2 Bxd2 20. cxd5 cxd5 21. Qxd5 Bc6 22. Nxc6 bxc6 23. Qxc6 $44) 19. Bxc4 $44
b5 (19... Bc8 20. Nf4 Rf6 21. d5 Nd2 22. Nxc6 $1 (22. Rxd2 Bxd2 23. Nxe6 cxd5)
22... bxc6 23. Bxf6 gxf6 (23... Qxf6 24. dxe6 $1 $18 {[%cal Ge6e8]}) 24. Rxd2
Bxd2 25. Nxe6 $16) 20. Nxc6 Qd6 (20... Bxc6 21. Bxe6+ Kh8 22. d5 $16) 21. Bd5 (
21. Bxb5 Bxc6 (21... Rfb8 22. Nxb8 Bxb5 23. Nf4 $16) 22. Bxc6 Qxc6 23. d5 Qa4
$1 24. Qxa4 Rxa4 25. dxe6 Ra2 26. Rb1 Nd2 27. Bc3 Nxb1 28. Bxb4 Rb8 $17) 21...
Ra4 $2 (21... Bxc6 22. Bxe6+ Kh8 23. d5 $16) 22. Nf4 $2 (22. Nxb4 Rxb4 23. Ba3
$1 $18) 22... Re8 23. Nxe6 $2 (23. Ne5 $1 Nd2 24. Rxd2 Bxd2 25. Nxd7 Bxf4 26.
Nc5 Rc4 27. Qxb5 Qxd5 28. Qxe8+ Nf8 $16) 23... Bxe6 24. Bxe6+ Qxe6 25. d5 Qd6
26. Be5 (26. Qd3 $1 Qc5 (26... Bc5 27. Qxb5 Ra2 28. Bd4 $16) 27. Rc1 Qb6 28.
Bd4 Qb7 29. Rb1 Ra3 30. Qe2 $16) 26... Rxe5 27. Nxe5 Ra3 $1 (27... Nc3 28. Ra1
$1 Rxa1 (28... Qxd5 29. Qxd5+ Nxd5 30. Rxa4 bxa4 31. Rd1 Nf6 32. Rd4 $18) 29.
Rxa1 Qxe5 30. d6+ $1 $18) 28. Qb1 Bc5 {[%cal Yc5f2,Ye4f2]} 29. Nf3 b4 30. Qc2
g6 31. Qc4 (31. Nd2 $5 $16) 31... Rc3 32. Qb5 (32. Qe2 b3 {[%cal Yc3c2]}) 32...
Rc2 33. Nd4 Rb2 34. Qe8+ $6 (34. Ne6 $1 Kf7 (34... Nxf2 35. Qe8+ Qf8 36. Qxf8+
Bxf8 37. Rxf2 $18) 35. Qb7+ Qe7 36. Nxc5 Nxc5 37. Qxe7+ Kxe7 38. d6+ Kd7 39.
Rfe1 $18) 34... Qf8 35. Qxf8+ $2 (35. Qc6 $16) 35... Bxf8 $44 36. Ne6 Bd6 37.
Rb1 Rd2 38. f3 $2 Nc3 39. Rb3 Nxd5 $15 40. Rc1 Nc3 41. Kf1 (41. Rcxc3 bxc3 42.
Rxc3 Rd1+ 43. Kf2 Bxh2 $17) 41... Kf7 42. Nd8+ Kf6 43. Nc6 Nd5 44. Rbb1 $4 {
[%mdl 8192]} (44. Re1 $15) 44... Ne3+ 45. Ke1 Rxg2 $19 46. Nxb4 Rxh2 47. Rc6
Ke7 48. Rb3 Bg3# 0-1

[Event "FIDE GP"]
[Site "Moscow"]
[Date "2002.06.01"]
[Round "1.2"]
[White "Grischuk, Alexander"]
[Black "Seirawan, Yasser"]
[Result "1-0"]
[WhiteElo "2702"]
[BlackElo "2631"]
[Annotator "Lukacs,P"]
[PlyCount "89"]
[EventDate "2002.06.01"]
[EventType "k.o. (rapid)"]
[EventRounds "5"]
[EventCountry "RUS"]
[SourceTitle "CBM 090"]
[Source "ChessBase"]
[SourceDate "2002.09.20"]
[SourceVersion "1"]
[SourceVersionDate "2002.09.20"]
[SourceQuality "1"]

1. e4 {[%mdl 128]} c6 2. d4 d5 3. e5 Bf5 4. Nc3 e6 5. g4 Bg6 6. Nge2 c5 7. h4
h5 8. Nf4 Bh7 9. Nxh5 cxd4 10. Nb5 $5 Nc6 (10... Be4 $5 11. Rh3 Nc6 12. Nxd4
Nxe5 $5 {- Antal-Flumbort, Budapest FS04 GM-A 2002 CBM 89} (12... Nge7 {
looks very logical here finishing simply the development.} 13. Bg5 Qa5+ 14. c3
(14. Bd2 Qb6 15. Bc3 Nxe5 ({Even} 15... a6 16. Ng3 {and only then} Nxe5 {
deserves attention, for example:} 17. Nxe4 dxe4 18. Qe2 Nd5 19. Qxe4 Nxc3 20.
bxc3 Nd7 {and White's P structure is in ruins.} 21. Bg2 Nc5 $17 {Nataf-Kallai,
FRA-chT 2000}) 16. Qd2 a6 17. f3 Bh7 18. O-O-O Rc8 19. Rh1 N7c6 20. Nxc6 Qxc6 {
Black's attacking chances on the << look more real than White's tries on the
other flank.} 21. Qd4 f6 22. g5 Bg6 23. Nf4 Bc5 24. Qd2 d4 25. Ba5 Bxc2 $1 26.
Qxc2 Bb4 $17 {Czebe-Ruck, Budapest WFG GM 2000}) 14... Nxd4 15. Qxd4 Nc6 16.
Qe3 Rc8 17. Be2 Nxe5 18. Rd1 Nd7 19. Qd4 f6 {White's -> on the >> is repelled,
and Black has the better P structure and a flexible [+].} 20. Be3 Bc2 21. Rd2
Bg6 22. a3 a6 23. Nf4 Bf7 24. Qd3 Ne5 $15 {Nguyen Anh Dung-Kallai, Budapest
FS06 2000})) 11. Nxd4 Nge7 (11... Nxd4 $6 {- Shirov-Yermolinsky, Wijk aan Zee
1999 CBM 69}) (11... Qc7 $6 {is rather useless now.} 12. Nxc6 Qxc6 (12... bxc6
13. f4 $16) 13. Bd3 Bxd3 14. cxd3 d4 15. O-O {White is not afraid of the h <->,
because Black has problems with his development.} g6 16. Ng3 Bg7 17. Re1 {
The e5 P is the key of the position.} Qd5 18. Qe2 Rxh4 19. Bg5 Rh3 20. Rac1 $16
{Sax-Berg, Aahus 1993}) ({There is no need to hurry with} 11... Nxe5 12. Bf4
Nc6 13. Bb5 Rc8 14. Qe2 Qd7 (14... Nge7 $5) (14... Nf6 $6 15. Bg5 $1) 15. Bxc6
$1 bxc6 16. Nf5 $1 $36 {with a very complicated tactical battle.} (16. Qe5 Nf6
$1 17. O-O-O (17. Nxf6+ gxf6 18. Qxf6 Rg8 $44) 17... c5 $1 18. Nb3 c4 $13 {
Schoenicz-Heinze, Germany 1998})) 12. c3 (12. Bb5 {(1/2:1/2 Kreiman-Seirawan,
USA-ch Seattle 2002)} a6 $1 (12... Rc8 {gives White precious time to defend ><
e5.} 13. Bg5 a6 14. Nxc6 bxc6 15. Bd3 Qc7 16. f4 $16 {Salmensuu-Grant, EU-chT
Batumi, 1999}) 13. Ba4 (13. Nxc6 Nxc6) 13... b5 14. Bb3 Nxd4 15. Qxd4 Nc6 16.
Qe3 Qc7 17. O-O Na5 18. Qe2 Nxb3 19. axb3 Qxc2 $17 {Svetushkin-Piankov, Ciudad
de Ubeda op 2000}) 12... Nxe5 {So the insertion of moves c3 and Ne7 can only
be favourable for Black.} 13. Bb5+ (13. Bg5 $5 Qc7 14. Nb5) 13... N5c6 (13...
N7c6 14. Bf4 $16) 14. Bg5 Qc8 $1 (14... Qb6 15. Qe2 (15. O-O e5 $17) (15. Be3
Qc7 $13) 15... a6 16. Bxe7 axb5 $1 (16... Bxe7 17. Nxg7+ Kf8 18. Ngxe6+ fxe6
19. Bxc6 bxc6 20. Qe5 $16) 17. Bf6 $5 Be4 18. f3 gxf6 19. fxe4 Nxd4 20. cxd4)
15. O-O (15. Bxe7 Bxe7 16. Nxg7+ Kf8 17. Nh5 Bg6) (15. Qe2 $5 {/\ 0-0-0 is
another aggressive plan in these type of positions.}) 15... a6 (15... f6 $5 {
deserves serious attention, because the sacrifices do not seem to be correct.})
16. Ba4 b5 (16... f6 $5 {is again possible, for example:} 17. Bf4 e5 (17... b5
18. Bb3 {- 16..b5}) 18. Nxc6 bxc6 (18... Nxc6 19. Re1 $44) 19. Bg3 Bg6 20. Re1
{White has to blow up Black's mighty P [+].} Bxh5 21. gxh5 Qf5 22. c4 $1 dxc4
23. Qe2 $44) 17. Bb3 f6 18. Bf4 e5 19. Nxc6 Qxc6 (19... Nxc6 $5 20. Bxd5 exf4
21. Re1+ Ne5 22. Bxa8 Qxa8 23. Nxf4 Be4 $44 {and the black pieces look rather
active.}) 20. Re1 $1 {preparing for something big in the [+].} (20. Be3 Rd8)
20... Bg8 (20... exf4 $2 {is feeble in view of} 21. Bxd5 $16) (20... Be4 21.
Bh2) (20... Rd8 21. Bg3 d4 22. c4 $44) 21. Bg3 Bf7 (21... Rd8 22. a4 $1 {
If White cannot open the position from the >>, he has to try it from the other
side.} Bf7 23. axb5 axb5 24. Qe2 Bxh5 25. gxh5 Nf5 26. Qg4 $1 Nxg3 27. Qg6+ Kd7
28. Rxe5 $1 {and the big blow has arrived!} Kc8 29. Qg4+ Kb7 30. Re6 $16) 22.
a4 b4 $5 (22... Rd8 {- 21...Rd8}) 23. cxb4 (23. a5 Qc5 24. Ba4+ Kd8 $13 {
and the black K is more or less safe behind his central pawns.}) 23... Qb7 24.
b5 axb5 25. axb5 Rd8 (25... Rxa1 26. Qxa1 Bxh5 {is met by the witty
intermediate move} 27. Qa6 $1 $16) 26. Ra6 (26. Ba4 Bxh5 27. gxh5 Qb6 28. Bc2
e4 29. Ra6 Qb7 30. Ba4 $14 {and White's ^^ begins to fire.}) 26... d4 $2 {
This runs into a nice liquidating exchange sacrifice.} (26... Bxh5 $1 {It was
high time to eliminate the annoying N.} 27. gxh5 Nf5 28. Bc2 $1 (28. Qg4 Nxg3
$13) 28... e4 (28... Nxg3 29. Bg6+) 29. Ba4 $40 {and the black K is far from
safety.}) 27. Rxf6 $1 {[#]} (27. Bxf7+ Kxf7 28. Qb3+ Nd5 29. Rea1 Bc5 $13)
27... Bxh5 28. Rxf8+ Rxf8 29. gxh5 {and White's ^^ dominates the board.} e4 30.
h6 $1 {clearing the square for the Q.} g6 (30... gxh6 31. Qh5+ Kd7 32. Qxh6 $18
) 31. h7 Rh8 (31... d3 32. Be5 $16) 32. Qg4 e3 (32... Rxh7 33. Rxe4 $16 {
and Black's only hope, his [+] is vanishing.}) (32... Kf8 33. Qf4+ Nf5 34. Qg5
$18) 33. fxe3 d3 (33... Qb6 34. exd4 Rxd4 35. Qe6 Qxe6 (35... Rd6+ 36. Qe3) 36.
Bxe6 Rxh7 37. b6 $16 {with a very strong advanced o^.}) (33... Rxh7 34. exd4
$16 {and White has a lot of pawns for the exchange.}) 34. b6 Rxh7 (34... Qxb6
35. Ba4+ Kf8 (35... Kf7 36. Rf1+ Nf5 37. h5 $18) 36. Rf1+ Nf5 37. Rxf5+ gxf5
38. Qxf5+ Ke7 39. Bf4 $16 {and the K in the middle is very vulnerable.}) 35.
Ba4+ Kf8 36. Bc7 (36. Rf1+ {was as good as winning.} Rf7 37. Rxf7+ Kxf7 38.
Qf4+ Nf5 39. Qc7+ $18) 36... Rd5 $1 37. e4 Rdh5 (37... Rd4 38. Rf1+ Rf7 39.
Rxf7+ Kxf7 40. Qf4+ Nf5 41. Bb3+ $18) 38. Qd7 {This penetration decides the
game.} Rf7 39. Bb3 d2 40. Qxd2 Qc8 41. Bxf7 Kxf7 42. Qf4+ Kg8 43. Rd1 Nc6 44.
Rd6 g5 45. Rg6+ 1-0

[Event "FIDE GP"]
[Site "Moscow"]
[Date "2002.06.03"]
[Round "3.2"]
[White "Grischuk, Alexander"]
[Black "Kasparov, Garry"]
[Result "0-1"]
[WhiteElo "2702"]
[BlackElo "2838"]
[Annotator "Kostakiev,D"]
[PlyCount "116"]
[EventDate "2002.06.01"]
[EventType "k.o. (rapid)"]
[EventRounds "5"]
[EventCountry "RUS"]
[SourceTitle "CBM 090"]
[Source "ChessBase"]
[SourceDate "2002.09.20"]
[SourceVersion "1"]
[SourceVersionDate "2002.09.20"]
[SourceQuality "1"]

1. e4 {In this game we can see the typical middle game technique. Black shall
occupy the open vertical "c" by the heavy pieces [Q and R] without hurrying up
to castle. So the White's PP attack on the K's side shall be neutralized .} c5
2. Nf3 Nc6 3. Bb5 e6 4. O-O Nge7 $1 {In my oppinion Nge7 is the right
developement even after after 4...Bxc6} 5. c3 (5. Re1 {Has also its partisans})
5... a6 6. Ba4 b5 (6... d5 7. exd5 exd5 8. d4 c4 {1-0 Adams,M-Hennigan,M/
Birmingham 2001/CBM 84 ext (17)}) 7. Bc2 Bb7 ({In the first known game where 4.
..Nge7 was applied was:} 7... d5 8. d4 cxd4 9. exd5 Nxd5 10. Nxd4 Bb7 11. a4 b4
12. a5 Bd6 13. Qg4 Nf6 {1-0 Benko,P-Stenborg,A/Dublin 1957/MCD (33)}) 8. Qe2 d5
({Often used is} 8... Ng6 9. d4 cxd4 10. cxd4 {1/2-1/2 Adams,M-Lautier,J/Wijk
aan Zee NED 2002/The Week in Chess 376 (29). (29)}) 9. e5 d4 (9... Qb6 $5 {
Gershon}) 10. Be4 Nd5 (10... Ng6 $143 {Gershon} 11. cxd4 cxd4 12. d3 Be7 13.
Nbd2 (13. a4 O-O 14. Na3 Qb6 15. Bd2 Rfc8 {1/2-1/2 Zhang Zhong-Wu Wenjin/
HeiBei CHN 2001/The Week in Chess 351 (73)}) 13... Qd7 (13... Qc7 14. Nb3 O-O
15. Bd2 Rfc8 16. Rac1 Qb6 17. h4 $36 {1-0 Smirin,I-Krasenkow,M/Dos Hermanas
ESP 2001/The Week in Chess 337 (72)}) 14. Nb3 {1-0 Smirin,I-Finegold,B/
Philadelphia USA 2001/The Week in Chess 351 (53)} (14. Nb3 {Oratovsky,M} Rd8
15. Bd2 Nb4 16. Nfxd4 Nc6 17. Nf3 Nb4 18. Bxb7 Qxb7 19. d4 O-O 20. Rfc1 Qd5 21.
Nc5 Nc6 22. Be3 $16 {1-0 Smirin,I-Finegold,B/Philadelphia USA 2001/The Week in
Chess 351 (53)})) 11. cxd4 Nxd4 (11... cxd4 {Gershon} 12. d3 Be7 13. Nbd2 Nf4
14. Qd1 Ng6 15. Nb3 Qb6 16. Re1 Rd8 17. h4 h6 18. h5 Nf8 19. Bf4 Nd7 20. Rc1
Ndb8 {1/2-1/2 Moreno Carnero,J-Magem Badals,J/Cala Galdana 1999/EXT 2000 (33)})
12. Nxd4 cxd4 13. a4 $146 ({About} 13. d3 {Gershon wrote: 'White has given
black a lot of space , while getting prepared to attack black's K side castle.
However, black monarch feels very comfortably in the center as well'.} Qc7 $1 {
0-1 Schneider,D-Gulko,B/Seattle 2002/CBM 87/ (32) a multitasking move:
attacking the 'e5' pawn, defending the B and taking over the 'c' file.}) 13...
b4 14. d3 Qc7 15. f4 $6 {Shirov} (15. Qh5 $142 g6 (15... Be7 16. Nd2 $1 g6 17.
Qh6 Qxe5 18. Nf3 Qd6 19. Re1 $44) 16. Qg5 Bg7 17. f4 $1 {/\Nd2}) 15... Rc8 16.
Nd2 Ne3 17. Rf3 Bxe4 $1 {Abolishing the strongest White piece and doubling the
Pe4 and Pe5.} 18. dxe4 (18. Nxe4 Qc2 $17) 18... d3 $1 $17 19. Qxd3 Nc2 20. Rb1
Ne1 21. Qxa6 Nxf3+ 22. Nxf3 {Now follows a lesson how to win with RR against
NR+P.} Qc4 23. Qb5+ Qxb5 24. axb5 Bc5+ 25. Kf1 O-O ({Direct decision escaping
0-0 is:} 25... Rb8 $5 26. Bd2 (26. Ke2 Rxb5 27. Be3 Ke7) 26... Rxb5 27. Rc1 Kd7
$17) (25... Ke7 $143 26. Bd2 Kd7 27. Ke2 Kc7 28. Ng5 Rcf8 (28... Rhf8 29. Nxh7
Rh8 30. Ng5 Rxh2 31. Nxf7 Rxg2+ 32. Kd3 Kb6 33. Rc1 Rg3+ 34. Ke2 $15) 29. Be3
Bxe3 30. Kxe3 $15) 26. Ke2 (26. Bd2 Rb8) 26... Rb8 27. Be3 Rxb5 28. Rc1 Bxe3
29. Kxe3 Rbb8 30. Nd4 Rfc8 31. Rd1 Rc4 (31... Ra8 $5) 32. g4 Rd8 33. h4 g6 34.
h5 gxh5 35. gxh5 h6 36. f5 Kh7 37. f6 Rd7 38. Rd2 Kh8 39. Rd1 Rc2 40. Ra1 (40.
Nxc2 $142 Rxd1 41. Nxb4 Rh1 $17) 40... Rxb2 $19 41. Ra8+ Kh7 42. Re8 Ra2 43.
Nc6 b3 44. Rb8 Ra6 45. Nd4 Ra3 46. Nxb3 Rd1 47. Rb7 Rb1 48. Rxf7+ Kg8 49. Rg7+
Kf8 50. Kd4 Raxb3 51. Ra7 Rd1+ 52. Kc4 Rb8 53. Kc3 Rc8+ 54. Kb2 Rd4 55. Rh7 Rc6
56. Rb7 Rdc4 57. Kb3 Rc3+ 58. Kb2 Rc2+ 0-1